Az elefántkölyök

Bibliographic Details
Main Author: Kipling, Rudyard, 1865-1936 (Author)
Other Authors: Jékely, Zoltán, 1913-1982 (Translator), Szász, Imre (Translator)
Format: Book
Language:Hungarian
PhysicalDescription:104 s., 4,99 AH 21 cm
Published: Bratislava Madách 1983
ISBN:963 11 3532 2
Edition:2., kiad.

MARC

LEADER 00000nam a2200000 a 4500
001 vtls001093086
003 SK-MaSNL
005 20260301111308.0
008 250414s1983 CS 0 hun
015 |a SNBA1983/12 
020 |a 963 11 3532 2 
035 |a SNK000035928 
040 |a SNK  |b slo  |c SNK  |e AACR2 
041 0 |a hun 
044 |a [CS] 
080 |a 820-3(087.5)=945.11  |2 1981 
100 1 |a Kipling, Rudyard,  |d 1865-1936  |4 aut  |9 122052 
245 1 3 |a Az elefántkölyök  |c Rudyard Kipling ; Zoltán Jékely, Imre Szász, István Krenner 
250 |a 2., kiad. 
260 |a Bratislava  |b Madách  |c 1983  |e Budapest  |f Zrínyi Nyomda 
300 |a 104 s., 4,99 AH  |c 21 cm 
366 |e 1850 výtl. 
500 |a Ilustr. na tit. liste. Spoluvyd. Móra Ferenc Ifjúsági Könyvkiadó, Budapest. 
700 1 |a Jékely, Zoltán,  |d 1913-1982  |4 trl  |9 317043 
700 1 |a Szász, Imre  |4 trl  |9 296661 
700 1 |a Krenner, István  |4 bkd  |9 450426 
852 |a Slovenská národná knižnica 
919 |a 963 11 3532 2 
954 |a rozprávky autorské  |a literatúra pre deti a mládež 
958 |a LX 
958 |a DB 
958 |a TL 
958 |a UP 
958 |a HU 
958 |a OND 
999 |c 706367  |d 708297 
952 |t P60, <04>, [BOOK], {604}  |a SNK  |b SNK  |y VYP  |7 0  |p 17A0383021  |o snkSC 59794 D1  |i snkKSP 9359/83  |0 0  |1 0  |4 0  |d 2003-05-13  |l 0  |r 2004-12-31 00:00:00  |w 2026-02-23 
952 |a SNK  |b SNK  |y PREZ  |7 0  |p 17A0900766  |o snkSC 59794  |0 0  |1 0  |4 0  |d 2012-08-06  |l 0  |r 2025-06-09 00:00:00  |w 2026-02-23